The Soviet regime in Czechoslovakia /

Bibliographic Details
Main Author: Křyštůfek, Zdeněk
Format: Book
Language:English
Published: Boulder [Colo.] : East European Monographs ; 1981.
Series:East European monographs ; no. 81.
Subjects:

MARC

Tag First Indicator Second Indicator Subfields
LEADER 00000cam a2200000 a 4500
001 in00000081395
005 20151008061048.0
008 811031s1981 coua b 00110 eng
010 |a  80068444  
020 |a 0914710753 
035 |a (OCoLC)07910773 
035 |9 AAJ7218AM 
039 0 |a 2  |b 3  |c 3  |d 3  |e 3 
040 |a DLC  |c DLC  |d TXA  |d UtOrBLW 
043 |a e-cs---  |a e-ur--- 
049 |a TXAM  |c [1673140] 
050 0 0 |a DB2216  |b .K79 
082 0 |a 943.7/04  |2 19 
100 1 |a Křyštůfek, Zdeněk. 
245 1 4 |a The Soviet regime in Czechoslovakia /  |c by Zdenek Krystufek. 
264 1 |a Boulder [Colo.] :  |b East European Monographs ;  |c 1981. 
264 2 |a New York :  |b Distributed by Columbia University Press, 
300 |a vii, 340 pages :  |b illustrations ;  |c 23 cm. 
336 |a text  |b txt  |2 rdacontent 
337 |a unmediated  |b n  |2 rdamedia 
338 |a volume  |b nc  |2 rdacarrier 
490 1 |a East European monographs ;  |v no. 81 
500 |a Includes index. 
504 |a Bibliography: pages [279]-292. 
650 0 |a Communism  |z Czechoslovakia. 
651 0 |a Czechoslovakia  |x History  |y 1945-1992. 
651 0 |a Soviet Union  |x Relations  |z Czechoslovakia. 
651 0 |a Czechoslovakia  |x Relations  |z Soviet Union. 
830 0 |a East European monographs ;  |v no. 81. 
999 |a MARS 
999 f f |s 205ed249-5e43-3e0f-b5b3-90333b06f0b5  |i dc6710eb-f571-3db6-81df-1c642025d766  |t 0 
952 f f |p ric  |a Texas A&M University  |b Rellis Campus  |c Joint Library Facility  |d Remote Storage  |t 0  |e DB2216 .K79  |h Library of Congress classification  |i unmediated -- volume  |m A14806097167 
998 f f |a DB2216 .K79  |t 0  |l Remote Storage